Atlas mundial del medio ambiente : preservación de la naturaleza /

Guardado en:
Autor Principal: Cuello i Subirana, Josep
Otros Autores: Tola Alonso, José
Formato: Libro
Publicado: Madrid : Cultural, 1995
Materias:
Etiquetas: Agregar Etiqueta
Sin Etiquetas, Sea el primero en etiquetar este registro!
LEADER 00656nam a22002175a 4500
001 CEM.cems009103
005 20090415085750.0
008 130507s1995##################000#0#####d
003 CEMS
082 0 4 |a 574.5 
100 1 |a Cuello i Subirana, Josep 
245 1 0 |a Atlas mundial del medio ambiente :  |b preservación de la naturaleza /  |c Josep Cuello I Subirana, José Tola Alonso 
260 |a Madrid :  |b Cultural,  |c 1995 
300 |a 112 p. 
653 |a Antártida 
653 |a Atlas 
653 |a Contaminación 
653 |a Ecología 
653 |a Medio ambiente 
700 1 |a Tola Alonso, José 
859 |a CEMS  |b BIB. CEMS - 11 de abril  |h 574.5  |i C754  |p 18713.95  |t Ej.1